<?xml version="1.0" encoding="UTF-8"?><?xml-stylesheet type="text/xsl" href="static/style.xsl"?><OAI-PMH xmlns="http://www.openarchives.org/OAI/2.0/" xmlns:xsi="http://www.w3.org/2001/XMLSchema-instance" xsi:schemaLocation="http://www.openarchives.org/OAI/2.0/ http://www.openarchives.org/OAI/2.0/OAI-PMH.xsd"><responseDate>2026-06-29T02:43:00Z</responseDate><request verb="GetRecord" identifier="oai:docta.ucm.es:20.500.14352/106759" metadataPrefix="marc">https://docta.ucm.es/rest/oai/request</request><GetRecord><record><header><identifier>oai:docta.ucm.es:20.500.14352/106759</identifier><datestamp>2025-03-18T13:45:32Z</datestamp><setSpec>com_20.500.14352_14</setSpec><setSpec>col_20.500.14352_15</setSpec></header><metadata><record xmlns="http://www.loc.gov/MARC21/slim" xmlns:dcterms="http://purl.org/dc/terms/" xmlns:xsi="http://www.w3.org/2001/XMLSchema-instance" xmlns:doc="http://www.lyncode.com/xoai" xsi:schemaLocation="http://www.loc.gov/MARC21/slim http://www.loc.gov/standards/marcxml/schema/MARC21slim.xsd">
   <leader>00925njm 22002777a 4500</leader>
   <datafield ind2=" " ind1=" " tag="042">
      <subfield code="a">dc</subfield>
   </datafield>
   <datafield ind2=" " ind1=" " tag="720">
      <subfield code="a">Ancochea Soto, Eumenio</subfield>
      <subfield code="e">author</subfield>
   </datafield>
   <datafield ind2=" " ind1=" " tag="720">
      <subfield code="a">Ibarrola, E.</subfield>
      <subfield code="e">author</subfield>
   </datafield>
   <datafield ind2=" " ind1=" " tag="260">
      <subfield code="c">1982</subfield>
   </datafield>
   <datafield ind2=" " ind1=" " tag="520">
      <subfield code="a">Se presentan los resultados de más de 100 análisis de elementos mayores y menores de las rocas de la Región Volcánica Central Española, efectuando un estudio estadístico de la variabilidad general y caracterizando geoquímicamente los distintos tipos litológicos. El paso de basaltos olivínicos alcalinos a basanitas, nefelinitas olivínicas, melilititas olivínico-nefelínicas y melilititas olivínicas va acompañado de una disminución de SiO2 y Al2O3 y aumentode Mg, Ca, P, Mn y elementos menores incompatibles. El contenido en álcalis, hierro total, Rb, Cr, Co y Ni es muy similar en todos los grupos. Estas diferencias reflejan esencialmente una disminución en el grado de fusión parcial en los diferentes tipos, así como la participación selectiva de las distintas fases minerales en la fusión. Las leucititas olivínicas constituyen un grupo claramente independiente del resto.</subfield>
   </datafield>
   <datafield ind1="8" ind2=" " tag="024">
      <subfield code="a">E. Ancochea, E. Ibarrola. Caracterización geoquímica del vulcanismo de la Región Central Española.  Boletín de la Real Sociedad Española de Historia Natural. Sección geológica, Tomo 80, Nº 1-4, 1982, págs. 57-88</subfield>
   </datafield>
   <datafield ind1="8" ind2=" " tag="024">
      <subfield code="a">0583-7510</subfield>
   </datafield>
   <datafield ind1="8" ind2=" " tag="024">
      <subfield code="a">https://hdl.handle.net/20.500.14352/106759</subfield>
   </datafield>
   <datafield ind1="8" ind2=" " tag="024">
      <subfield code="a">https://www.rsehn.es/publicaciones-geologica/art695</subfield>
   </datafield>
   <datafield ind2="0" ind1="0" tag="245">
      <subfield code="a">Caracterización geoquímica del vulcanismo de la Región Central Española</subfield>
   </datafield>
</record></metadata></record></GetRecord></OAI-PMH>